000 00662nam a2200217 a 4500
999 _c10726
_d10726
001 10726
003 BD-JhCC
005 20230110134023.0
008 180812b2014 bg a|||| ||a| 000 0 ben d
020 _a9789849080282
035 _a(BD-JhCC)10726
040 _aBD-JhCC
_dBD-JhCC
041 _aben
082 _a610
_bSHA 2014
100 _aশাকুর, ডা.এম এ
245 _aব্যথা নিরাময়ে ব্যায়াম /
_cডা.এম এ শাকুর
260 _aঢাকা :
_bঅনিন্দ্য প্রকাশ ;
_c2014.
300 _a79 p. :
_bill;
_c20 cm
942 _2lcc
_cBK
_02